| 000 | 01823nam a22002297a 4500 | ||
|---|---|---|---|
| 999 |
_c383311 _d383311 |
||
| 003 | UA-OsUOA | ||
| 005 | 20200806104042.0 | ||
| 008 | 20130326b un ||||| |||| 00| 0 ukr drus | ||
| 040 |
_aUA-OsUOA _brus _cUA-OsUOA _dUA-OsUOA |
||
| 041 | _arus | ||
| 080 | _a821.161.1 | ||
| 090 |
_a821.161.1 _bО-35 |
||
| 100 | _aОвчинников В. | ||
| 245 |
_aВетка сакуры. Корни дуба. Горячий пепел _bповести _cВсеволод Овчинников |
||
| 260 |
_aМосква _bСоветский писатель _c1987 |
||
| 300 | _a608 с. | ||
| 520 | _aПоказать зарубежную страну через ее народ, проследить своеобразные черты национальной психологии, как они проявляются в человеческих взаимоотношениях, как влияют на современные социальные и политические проблемы, - таков общий замысел, который В. Овчинников воплотил в своих рассказах о японцах (Ветка сакуры) и об англичанах ("Корни дуба"). "Горячий пепел" -взволнованный рассказ о драматических эпизодах гонки западных стран за обладание атомным оружием. "За книги "Сакура и дуб" и "Горячий пепел" Всеволоду Овчинникову прнисуждена Государственная премия СССР 1985 года. | ||
| 650 | 7 |
_a82 Література. Літературознавство _2UDC |
|
| 942 |
_cBK _2udc |
||
| 955 | _a3 | ||